000 00251nam a22000977a 4500
999 _c516875
_d516875
082 _aTNC T0 K528
100 _aKhosla, I. P. (ed.)
_923624
245 _aEconomic diplomacy
_cedited by I. P. Khosla
260 _aDelhi
_bKonark Pub.
_c2006
300 _a268p.